000 00891nam a22003017a 4500
001 00123
003 DO-SdBNP
005 20160328153758.0
007 00123
008 160328b xxu 1999 |||| |||| 00| 0 spa d
020 _a9780153114380
040 _aBPMSU
_bspa
_cBPMSU
092 _axxxxxxxxx
_bxxxxxxxxx
245 0 0 _aMath advantage /
_cGeorge W. Bright ...[et al.]
260 _aEstados Unidos :
_bHarcourt Brace,
_c1999.
300 _axxiii, 511 p. :
_bil.,
_c28 cm.
700 1 0 _aHelton, Sonia M.,
_eed.
700 1 0 _aHollis, Loye Y. (Mickey),
_eed.
700 1 0 _aJohnson, Hoeard C.,
_eed.
700 1 0 _aMcLeod, Joyce C.,
_eed.
700 1 0 _aNeufeld, Evelyn M.
_eed.
700 1 0 _aNewman, Vicki,
_eed.
700 1 0 _aPerciante, Terence H.,
_eed.
700 1 0 _aSchultz, Karen A.,
_eed.
700 1 0 _aBurger Thatcher, Muriel,
_eed.
942 _2ddc
_cBK
956 _aBrenda Tavárez
999 _c9411
_d9411